The Word of God Comes into the Voting Booth. Church Attendance and Political Involvement in East Central Europe during the Early 1990s
| Titel: | The Word of God Comes into the Voting Booth. Church Attendance and Political Involvement in East Central Europe during the Early 1990s / Bogdan Radu |
|---|---|
| Verfasser: | |
| In: |
Polish sociological review, Heft 184 (2013), Seite 451-466 alle Artikel anzeigen |
| Veröffentlicht: | 2013 |
| Format: | Aufsatz |
| Sprache: | Englisch |
X
alg: 41685782 001A $06052:21-09-17 001B $06052:21-09-17 $t23:25:24.000 001C $03025:21-09-17 $t09:35:10.000 001D $06052:21-09-17 001U $0utf8 001X $00 002@ $0Aox 003@ $0416857825 006N $000162121 007A $0416857825 $aHEB 007D $asw140201 007I $0swets174835284 010@ $aeng 011@ $a2013 021A $aThe @Word of God Comes into the Voting Booth. Church Attendance and Political Involvement in East Central Europe during the Early 1990s $hBogdan Radu 028A $aRadu $dBogdan 031A $e184 $g16 $h451-466 $j2013 039B $aEnthalten in $8--Abvc--. Polish sociological review. - Warszawa : Polskie Towarzystwo Socjologiczne, 1993-. - ISSN 1231-1413 $x201300000000184549 $9048646571 044K $RMitteleuropa $RVisegrád-Staaten $ROsteuropa $#Ostmitteleuropa $#Ostmitteleuropa $#Mitteleuropa, Ost $#Central Europe Ostmitteleuropa $#Mittelosteuropa $74075753-5 $8Ostmitteleuropa [Tg1] $9085214485 044K $RPseudoreligion $#Religion $#Religion $#Religions $74049396-9 $8Religion [Ts1] $9085137758 044K $#Politics and government $#Politics, Practical $#Politique et gouvernement $#Pratiques politiques $#Politica $#policies $#Politics $#Politik $#Politik $#Staatspolitik $#Politische Lage $#Politische Entwicklung $#Politische Situation $74046514-7 $8Politik [Tsz] $9085129836 044K $#Umsetzung $74451062-7 $8Transformation [Ts1] $908884580X 045R $aGeschichte 1990-1995 045T $a3,4 lok: 41685782 78 exp: 41685782 78 1 #EPN 201B/01 $021-09-17 $t23:25:24.000 201C/01 $021-09-17 201U/01 $0utf8 203@/01 $01007614854 208@/01 $a21-09-17 $be 209A/01 $a/ $f000 $x00 209A/01 $ab*p $x01 220C/01 $apgar 244Z/01 $#Ostmitteleuropa $#Ostmitteleuropa $#Mitteleuropa, Ost $#Central Europe Ostmitteleuropa $#Mittelosteuropa $74075753-5 $8--Tg1--Ostmitteleuropa $x01 $9085214485 247C/01 $82080>Marburg/Lahn, Herder-Institut, Forschungsbibliothek, Bibliographieportal $9336309341
| LEADER | 00000naa a22000002c 4500 | ||
|---|---|---|---|
| 001 | 416857825 | ||
| 003 | DE-603 | ||
| 005 | 20170921232524.0 | ||
| 007 | tu | ||
| 008 | 170921s2013 xx |||| | u00||u|eng c | ||
| 035 | |a (DE-599)HEB416857825 | ||
| 035 | |a (NL-LiSWE)00162121 | ||
| 040 | |a DE-603 |b ger |c DE-603 |d DE-603 | ||
| 041 | |a eng | ||
| 084 | |a 3,4 |2 ssgn | ||
| 100 | 1 | |a Radu, Bogdan | |
| 245 | 0 | 0 | |a The Word of God Comes into the Voting Booth. Church Attendance and Political Involvement in East Central Europe during the Early 1990s |c Bogdan Radu |
| 264 | 0 | |c 2013 | |
| 648 | 7 | |a Geschichte 1990-1995 |2 gnd | |
| 650 | 7 | |a Religion |0 (DE-588)4049396-9 |0 (DE-603)085137758 |2 gnd | |
| 650 | 7 | |a Politik |0 (DE-588)4046514-7 |0 (DE-603)085129836 |2 gnd | |
| 650 | 7 | |a Transformation |0 (DE-588)4451062-7 |0 (DE-603)08884580X |2 gnd | |
| 651 | 7 | |a Ostmitteleuropa |0 (DE-588)4075753-5 |0 (DE-603)085214485 |2 gnd | |
| 773 | 0 | 8 | |i Enthalten in |t Polish sociological review |d Warszawa : Polskie Towarzystwo Socjologiczne, 1993- |x 1231-1413 |g Heft 184 (2013), Seite 451-466 |w (DE-603)048646571 |w (DE-600)1187982-8 |
| 924 | 0 | |9 2080 |a (DE-603)1007614854 |b DE-2080 |c HES |d d |g / | |


